000 01293nam a22002897a 4500
001 BD-DhSAU 8779
003 BD-DhSAU
005 20181212104253.0
008 150612b2011 bg a|||| m||| 00| 0 eng d
040 _aBD-DhSAU
082 _222
_a595.7
_bSh629
100 _aShimul, Md Akram Hossain
_eRegistration no. # 05-01761
245 _aResponse of tomato (Lycopersicon esculentum L.) to salinity in hydroponic /
_bMS thesis
_cMd Akram Hossain Shimul,
260 _aSher-e-Bangla Agricultural Uniersity :
_bDepartment of Agricultural Chemistry ,
_c2011.
300 _avi,70 p. :
_bill. ;
_c30 cm.
500 _aMS thesis of Department of Agricultural Chemistry , Faculty of Agriculture, Sher-e-Bangla Agricultural University, Dhaka, Bangladesh
504 _aIncludes bibliographical reference.
590 _aerfat
650 _aAgricultural Chemistry
650 _aResponse of tomato (Lycopersicon esculentum L.)
650 _aSalinity in hydroponic
650 _a nitrogen fertilizer and poultry manure
700 _aBegum, Rokeya
_eSuperviser
700 _aSiddiky, Md Alamgir
_eCo-superviser
856 _uhttp://archive.saulibrary.edu.bd:8080/xmlui/handle/123456789/1943
942 _2ddc
_cTHESIS
999 _c8779
_d8779